LEADER 00851nam a2200217 i 4500 001 991004373217507536 005 20250402152521.0 008 250402s1991 xxk er 001 0 eng d 020 $a0415011698 040 $aBibl. Dip.le Aggr. Scienze Giuridiche - Sez. Studi Giuridici$bita$cSocioculturale Scs 041 0 $aeng 082 04$a324.273$223 100 1 $aMcsweeney, Dean$01802481 245 10$aAmerican political parties :$bthe formation, decline and reform of the American party system /$cDean McSweeney and John Zvesper 260 $aLondon ;$aNew York :$bRoutledge,$c1991 300 $axii, 234 p. ;$c22 cm 650 4$aPartiti$zStati Uniti d'America$xStoria 700 1 $aZvesper, John$eauthor$4http://id.loc.gov/vocabulary/relators/aut$0553190 912 $a991004373217507536 996 $aAmerican political parties$94348194 997 $aUNISALENTO LEADER 01651nas 2200505-a 450 001 9910141305103321 005 20260127110702.0 011 $a2213-0691 035 $a(CKB)2670000000172873 035 $a(CONSER)--2013243161 035 $a(DE-599)ZDB2669163-2 035 $a(DE-599)2669151-6 035 $a(EXLCZ)992670000000172873 100 $a20120719a20129999 --- a 101 0 $aeng 135 $aur||||||||||| 181 $ctxt$2rdacontent 182 $cc$2rdamedia 183 $acr$2rdacarrier 200 00$aPhysiotherapy practice and research 210 $aAmsterdam $cIOS Press$d2012- 215 $a1 online resource 300 $aRefereed/Peer-reviewed 311 08$aPrint version: Physiotherapy practice and research. 2213-0683 (DLC) 2013243161 (OCoLC)830024943 606 $aPhysical therapy$vPeriodicals 606 $aPhysical therapy$xResearch$vPeriodicals 606 $aPhysical therapy$2fast$3(OCoLC)fst01062771 606 $aPhysical therapy$xResearch$2fast$3(OCoLC)fst01062793 606 $aPhysical Therapy Modalities 606 $aComplementary Therapies 608 $aPeriodicals.$2fast 608 $aPeriodical. 615 0$aPhysical therapy 615 0$aPhysical therapy$xResearch 615 7$aPhysical therapy. 615 7$aPhysical therapy$xResearch. 615 12$aPhysical Therapy Modalities. 615 22$aComplementary Therapies. 676 $a615.8205 712 02$aIrish Society of Chartered Physiotherapists. 906 $aJOURNAL 912 $a9910141305103321 920 $aexl_impl conversion 996 $aPhysiotherapy practice and research$92512967 997 $aUNINA